00484nam a2200193 a 4500001001300000003000900013005001700022008004100039020001000080082001800090100001600108245002300124260004800147300000800195500003500203505001000238650002600248700001600274nice12345678IN_TiNIC20260116011427.0050524s1927 laha grp 000 0 urd  ac10000a891.4391bMIN aMinnat, K N aYusufistanb Poems aLahorebPunjab Religious Booksociety c1927 a11p aincludes index and biblioraphy2 aIndex aUrdu-Poetry-religious1 aMinnat, K N